1579 1754 1287 1722 1787 1896 1578 1694 1352 1796 1063 1885 1156 1361 1898 1286 1791 1317 1817 1400 1805 1015 1521 1515 1146 1067 1689 1728 1041 1913 1299 1415 1238 1167 1771 1659 1864 1959 1383 1257 1786 1740 1275 1320 1556 1255 1432 1945 1403 1725 1679 1751 1058 1927 1183 1971 1509 1443 1177 1100 1997 1588 1026 1098 1644 1604 1208 1866 1064 1708 1978 1216 1389 1269 1423 1298 1726 1849 1418 1183 1771 1386 1142 1245 1044 1454 1632 1508 1330 1587 1147 1173 1772 1627 1970 1253 1597 1720 1891 BCNSPRNW ULIB Ver.6.0+V

เปลี่ยนเป็นภาษาไทย

Change to English
 แสดงรายละเอียดบรรณานุกรม
  กลับหน้าหลัก

Brief Record : Get Marc (ISO 2709) : E-mail record : QR code < ปิดหน้าต่าง
LEADER : 00000nam 2200000uu 4500
001    13399112719
003     ULIB
008    110907s2544||||th 000 0 tha d
020    9748758079
050  4 LB3051^bอ824ก ล.3 2544
100 0  อุทุมพร (ทองอุไทย) จามรมาน
245 10 การวัดและประเมินการเรียนการสอนระดับอุดมศึกษา /^cอุทุมพร(ทองอุไทย) จามรมาน
250    พิมพ์ครั้งที่ 3
260    กรุงเทพฯ :^bฟันนี่พับบลิชชิ่ง,^c[2544]
300    149 หน้า
650  4 การประเมินผล
650  4 การวัดผลการศึกษา
650  4 การศึกษาขั้นอุดมศึกษา^xการวัดผล
945    ^p60^l0^i029095
995    ทศพร
999 ^a ทศพร
รายการนี้ยังไม่มีแท็ก
คุณยังไม่ได้ล็อกอิน คุณสามารถมีกิจกรรมร่วมกับเว็บไซต์ได้ แต่ต้องล็อกอินก่อน ::
  ล็อกอิน

รายการสื่อสารสนเทศ

ลำดับที่ ประเภท เลขเรียก/บาร์โค้ด สถานที่ สถานะ
- ไม่พบข้อมูล -

รายการใกล้เคียง
    ผู้แต่ง [อุทุมพร (ทองอุไทย) จามรมาน]

    หัวเรื่อง [การประเมินผล]
    หัวเรื่อง [การวัดผลการศึกษา]

BibComment


ยังไม่เคยถูกคอมเมนท์

คอมเมนท์ทรัพยากรรายการนี้
  คอมเมนท์: การวัดและประเมินก..


 Copyright 2026. Bcnsprnw @Library